000 00411nab a22001097u 4500
008 130520b2011 xxu||||| |||| 00| 0 spa d
041 _aspa
100 1 _aAzcuy, Virginia Raquel
_93726
245 0 0 _aEl Espíritu y los signos de estos tiempos. Legado, vigencia y porvenir de un discernimiento teológico
_cVirginia Raquel Azcuy
773 0 _tConcilium
_gnº342,2011,págs. 113-124
_x0210-1041
_wRev134
942 _cAR
999 _c418021
_d418021